Nuevos cuentos militares

Zapisane w:
Opis bibliograficzny
1. autor: Lazo Baeza, Olegario (Autor)
Format: Książka
Język:hiszpański
Wydane: Santiago Nascimento 1900
Wydanie:1a. ed
Hasła przedmiotowe:
Etykiety: Dodaj etykietę
Nie ma etykietki, Dołącz pierwszą etykiete!

MARC

LEADER 00000nam a2200000 a 4500
001 UCZ5080
003 CL-VaPUC
008 951116e19000000CL |||||||||||||||||spa|d
082 0 4 |a Ch863  |b LAZ  |2 21 
100 |a Lazo Baeza, Olegario  |e author  |9 505176 
245 1 0 |a Nuevos cuentos militares 
250 |a 1a. ed 
300 |a 263 p 
942 |c BK 
945 |d 19951116 00:00:00  |a rleighto 
260 |a Santiago  |b Nascimento  |c 1900 
500 |a Complementado con juicios críticos de diferentes escritores y críticos chilenos 
600 0 7 |a ALONE  |2 CL-VaPUC  |9 346606 
600 0 7 |a DONOSO, ARMANDO  |2 CL-VaPUC  |9 348932 
600 0 7 |a BARRIOS, EDUARDO  |2 CL-VaPUC  |9 320692 
600 0 |a Vaïsse, Emilio   |q (Emeth, Omer),  |d 1860-1935  |9 877930 
650 0 |a Cuentos chilenos   |9 308280 
650 0 |a Crítica e interpretación literaria  |9 266284 
583 |a last modification  |c 19951116 00:00:00  |k Rodrigo Vera 
999 |c 241407  |d 241405 
952 |0 0  |1 0  |4 0  |6 CH_863_000000000000000_LAZ_1900  |7 0  |8 A  |9 253720  |a BIBEDU  |b BIBEDU  |d 2019-11-19  |i 3150453  |l 2  |o Ch863 LAZ 1900  |p 3150453  |r 2024-11-08  |s 2024-10-08  |w 2019-11-19  |y BK  |k LIT 
952 |0 0  |1 0  |4 0  |6 CH_863_000000000000000_LAZ_1900  |7 0  |8 X  |9 253721  |a FDOBUD  |b FDOBUD  |d 2019-11-19  |i 1002694  |o Ch863 LAZ 1900  |p 1002694  |r 2019-11-19  |w 2019-11-19  |y BK_X  |k BUD